|
|
|
|
| LEADER |
00699nas a2200157 i 4500 |
| 001 |
acta38992 |
| 005 |
20210916152946.0 |
| 008 |
161201s1982 hu o 0|| hun d |
| 040 |
|
|
|a SZTE Egyetemi Kiadványok Repozitórium
|b hun
|
| 041 |
|
|
|a hun
|
| 245 |
0 |
0 |
|a Szegedi Orvostudományi Egyetem Radiológiai Klinikájának tudományos közleményei és előadásai
|h [elektronikus dokumentum] :
|b 1980-1981
|
| 260 |
|
|
|c 1982
|
| 300 |
|
|
|a 17
|
| 490 |
0 |
|
|a Szent-Györgyi Albert Orvostudományi Egyetem Radiológiai Klinika
|
| 695 |
|
|
|a Radiológia - bibliográfia, Szeged - orvostudományi egyetem - radiológia - bibliográfia
|
| 856 |
4 |
0 |
|u http://acta.bibl.u-szeged.hu/38992/1/radiologia_1980_81.pdf
|z Dokumentum-elérés
|